000 00884nam a2200277 a 4500
005 20200104041551.0
008 140317t2004 ck a gr|||| 00| 0 spa d
040 _aCO-BoIAVH
_cCO-BoIAVH
041 _aspa
044 _ack
082 0 4 _a581.9
_bM53c
245 1 _aMemorias congreso Latinoaméricano y segundo colombiano de botánica
260 _aBogotá
_bICN
_bUniversidad Nacional de Colombia
_c2004
300 _a258 paginas :
_bilustraciones;
_c24 x 17 cm.
650 6 _aBotánica
_vCongresos.
_xConferencia
650 6 _aEtnobotánica
650 6 _aPalinologia
650 6 _aPaleoecologia
650 6 _aBriófitas
700 1 _aRangel Ch., J. Orlando
700 1 _aAguirre C., Jaime
700 1 _aAndrade C., M. Gonzalo
700 1 _aGiraldo Cañas, Diego
942 _cLIBRO
_2ddc
945 _d2005-06-28
999 _c4626
_d4626